El análisis de la realidad social métodos y técnicas de investigación (Registro nro. 91636)

Detalles MARC
000 -ENCABEZADO
Número de control [NR] 01141nam a22002897a 4500
008 - DE LONGITUD FIJA DE DATOS DE ELEMENTOS - INFORMACIÓN GENERAL
Elementos de longitud fija [NR] 130821s2005 sp gr spa
020 ## - NUMERO INTERNACIONAL NORMALIZADO PARA LIBROS [R]
Número Internacional Normalizado del libro [NR] 8420686638
020 ## - NUMERO INTERNACIONAL NORMALIZADO PARA LIBROS [R]
Número Internacional Normalizado del libro [NR] 9788420686639
040 ## - FUENTE DE CATALOGACION [NR]
Agencia de catalogación original [NR] Co-BoUCM
Idioma de catalogación [NR] spa
Quien Cataloga
Quien Clasifica Aldemar Mondragón (modificó)
041 00 - CODIGO DE IDIOMA [R]
Código de idioma para texto/pista de sonido o título separado [R] Español
245 13 - MENCION DE TITULO [NR]
Título [NR] El análisis de la realidad social métodos y técnicas de investigación
Mención de responsabilidad, etc. [NR] compiladores, Manuel García Ferrando, Jesús Ibáñez y Francisco Alvira
250 ## - MENCION DE EDICION [NR]
Mención de edición [NR] 3a ed
260 ## - PUBLICACION, DISTRIBUCION, ETC. (PIE DE IMPRENTA) [R]
Lugar de publicación, distribución, etc. [R] Madrid (España)
Nombre del editor, distribuidor, etc. [R] Alianza
Fecha de publicación, distribución, etc. [R] 2005
300 ## - DESCRIPCION FISICA [R]
Extensión [R] 682 páginas
490 0# - MENCION DE SERIE [R]
Mención de serie [R] Manuales Ciencias Sociales
Designación numérica/secuencial del volumen [NR] 060
504 ## - NOTA DE BIBLIOGRAFIA, ETC. [R]
Nota de bibliografía, etc. [NR] Incluye referencias bibliográficas e índices
650 04 - ASIENTO SECUNDARIO DE MATERIA - TERMINO TEMATICO [R]
Término temático o nombre geográfico como elemento de entrada [NR] Investigación científica
9 (RLIN) 17977
650 04 - ASIENTO SECUNDARIO DE MATERIA - TERMINO TEMATICO [R]
Término temático o nombre geográfico como elemento de entrada [NR] Metodología de la investigación
9 (RLIN) 19435
650 04 - ASIENTO SECUNDARIO DE MATERIA - TERMINO TEMATICO [R]
Término temático o nombre geográfico como elemento de entrada [NR] Sociología
9 (RLIN) 386
650 04 - ASIENTO SECUNDARIO DE MATERIA - TERMINO TEMATICO [R]
Término temático o nombre geográfico como elemento de entrada [NR] Sociología
Subdivisión general [R] Investigaciones
9 (RLIN) 30506
690 ## - ASUNTO AGREGADO LOCAL DE ENTRADA - TÉRMINO TEMÁTICO (OCLC, RLIN)
Acceso temático local Sociología
9 (RLIN) 386
700 1# - ASIENTO SECUNDARIO - NOMBRE PERSONAL [R]
Nombre personal [NR] Alvira, Francisco
Término de relación [R] compilador
9 (RLIN) 43194
700 1# - ASIENTO SECUNDARIO - NOMBRE PERSONAL [R]
Nombre personal [NR] García Ferrando, Manuel
Término de relación [R] compilador
9 (RLIN) 119733
700 1# - ASIENTO SECUNDARIO - NOMBRE PERSONAL [R]
Nombre personal [NR] Ibáñez, Jesús
Término de relación [R] compilador
9 (RLIN) 43196
942 ## - ELEMENTOS DE ENTRADA AGREGADOS (KOHA)
Tipo de ítem principal el descrito en 300a Libro
Tema principal Sociología
Edición 3
Parte restante de la signatura top. A612
Sistema de clasificación DEWEY
Clasificación 300.072
Existencias
Fecha de último préstamo Total préstamos Total Renewals Signatura topográfica Código de barras Última vez visto Volúmen / Fascículo Ejemplar Price effective from Tipo de ítem Nota pública (OPAC) Perdido Sistema de clasificación Dañado No prestable Tipo de ítem específico Suprimido Ubicación habitual Ubicación actual Localización Fecha de creación Forma de adquisición Costo Costo de reposición Proveedor
26/08/2017 1 1 300.072 A612 200024930 09/12/2017 3a.Ed. Ej.4 01/08/2013 Libro     DEWEY     Libro   Bodega Bodega Préstamo 4 días después de solicitado 01/08/2013 Compra 90500.00 135254.00 15
01/02/2014 9 2 300.072 A612 100094926 03/12/2025 3a.Ed. Ej.1 03/02/2013 Libro Spot de Investigación   DEWEY     Libro   Claustro Claustro 3er piso - Research commons 19/02/2013 Compra 265000.00    
02/11/2022 13 5 300.072 A612 100094927 03/12/2025 3a.Ed. Ej.2 03/02/2013 Libro Spot de Investigación   DEWEY     Libro   Claustro Claustro 3er piso - Research commons 19/02/2013 Compra 265000.00    
19/09/2025 16 6 300.072 A612 100094928 03/12/2025 3a.Ed. Ej.3 03/02/2013 Libro Spot de Investigación   DEWEY     Libro   Claustro Claustro 3er piso - Research commons 19/02/2013 Compra 265000.00